000 00756nam a2200253Ia 4500
003 OSt
005 20220923211847.0
006 a|||||r|||| 00| 0
007 ta
008 220922b |||||||| |||| 00| 0 hin d
024 _a60,100
037 _cTextual
040 _aARTS
_cARTS
_bhin
041 _2hin
_ahin
082 _aQ8441:2I69x, 152K1
100 _aमिश्र, जयराम
_9156290
245 0 _aनानक वाणी
246 _aNānak vāṇī
260 _aइलाहाबाद
_b मित्र प्रकाशन
_c1961
300 _a846पृ.
_ccm.
650 _aधर्म
942 _hQ8441:2I69x, 152K1
_cTEXL
_2CC
999 _c304160
_d304160